[Event "HCL-E1525"]
[Site "www.playchess.de"]
[Date "2006.03.25"]
[Round "3"]
[White "Glomp"]
[Black "richard"]
[WhiteElo "1598"]
[BlackElo "1755"]
[PlyCount "78"]
[Result "0-1"]

1.e4 {Welcome to this retarded game and good 
luck!}  c5 {move fast and we can catch up}  2.Nf3 
e6 3.d4 cxd4 4.Nxd4 Nf6 5.Nc3 d6 6.g4 h6 7.Bg2 Be7 
8.Be3 Nc6 9.h3 Nxd4 10.Bxd4 O-O 11.Qe2 e5 12.Be3 
Be6 13.O-O Qc7 14.Rfd1 Bc4 15.Qd2 Rfc8 16.Nd5 Bxd5 
17.exd5 Qxc2 18.Rac1 Qxd2 19.Rxc8+ Rxc8 20.Rxd2 
Nd7 21.Be4 Rc1+ 22.Kg2 Bg5 23.Bxg5 hxg5 24.Rc2 
Rxc2 25.Bxc2 Nf6 26.Bb3 Kf8 27.f3 b5 28.Kf2 a5 
29.a3 Ng8 30.Kg3 Ne7 31.h4 gxh4+ 32.Kxh4 Ng6+ 
33.Kg5 Nf4 34.Kf5 Nd3 35.Bd1 Nxb2 36.Be2 Nc4 37.a4 
Nb6 38.Bxb5 Nxd5 39.Bc6 Ne7+ 0-1

[Event "HCL-M909"]
[Site "www.playchess.de"]
[Date "2006.03.26"]
[Round "13"]
[White "Goofy"]
[Black "RSoares"]
[WhiteElo "1951"]
[BlackElo "1520"]
[PlyCount "61"]
[Result "1-0"]

1.d4 Nf6 2.c4 g6 3.Nc3 d5 4.cxd5 Nxd5 5.e4 Nxc3 
6.bxc3 Bg7 7.Bc4 c5 8.Ne2 Nc6 9.Be3 O-O 10.O-O Bg4 
11.f3 Na5 12.Bd3 cxd4 13.cxd4 Bd7 14.Rb1 a6 15.d5 
b5 16.a4 Nc4 17.Bxc4 bxc4 18.Bb6 Qc8 19.a5 Bb5 
20.Qc2 c3 21.Rfc1 Qc4 22.Nxc3 Bxc3 23.Qxc3 Rfc8 
24.Qe5 Qe2 25.Bd4 Rxc1+ 26.Rxc1 f6 27.Qxe7 Rf8 
28.Qe6+ Rf7 29.Rc8+ Kg7 30.Bxf6+ Rxf6 
31.Rg8+ 1-0

[Event "HCL-M841"]
[Site "www.playchess.de"]
[Date "2006.03.26"]
[Round "16"]
[White "mige"]
[Black "temple"]
[WhiteElo "1789"]
[BlackElo "1794"]
[PlyCount "111"]
[Result "1/2-1/2"]

1.e4 {hi one more time}  d5 {Hello}  2.exd5 Nf6 
3.c4 c6 4.dxc6 Nxc6 5.Nf3 e5 6.d3 Bc5 7.Be2 O-O 
8.O-O h6 9.Nc3 Bf5 10.Be3 Nd4 11.Nxe5 Re8 12.Bxd4 
Bxd4 13.Nf3 a6 14.Nxd4 Qxd4 15.Qd2 Rad8 16.Rad1 
Rd7 17.Rfe1 Red8 18.Qc1 Ng4 19.Bxg4 Qxg4 20.Nd5 
Be6 21.Re4 Qg5 22.f4 Qg6 23.Qe3 Bxd5 24.Re8+ Kh7 
25.cxd5 R7xd5 26.Rxd8 Rxd8 27.d4 Qc2 28.Qd3+ Qxd3 
29.Rxd3 Kg6 30.Kf2 f5 31.Kf3 Kf6 32.h3 g5 33.g4 
Rd5 34.fxg5+ hxg5 35.gxf5 Kxf5 36.Ke3 Rd8 37.Rc3 
Re8+ 38.Kf3 Rh8 39.Rc5+ Kf6 40.Kg3 Rh4 41.Rc4 b5 
42.Rc6+ Kf5 43.Rc5+ Kf6 44.d5 Rd4 45.Rc6+ Kf5 
46.Rxa6 Rxd5 47.Ra3 b4 48.Rb3 Rd4 49.Kf3 g4+ 
50.hxg4+ Rxg4 51.a3 Rf4+ 52.Kg3 Rg4+ 53.Kh3 Rd4 
54.Rxb4 Rxb4 55.axb4 Ke5 56.Kg3 {(offering draw) I 
have nothing more than draw}  1/2-1/2

[Event "HCL-C4147"]
[Site "www.playchess.de"]
[Date "2006.03.26"]
[Round "4"]
[White "jegen"]
[Black "gabrielvui"]
[WhiteElo "800"]
[BlackElo "800"]
[PlyCount "21"]
[Result "1-0"]

1.e4 e5 2.f4 exf4 3.Nf3 Nf6 4.Nc3 Nc6 5.Bc4 Qe7 
6.d3 Qc5 7.Bxf4 Ng4 8.Qe2 Be7 9.h3 Nf6 10.O-O-O 
O-O 11.Bxc7 1-0

[Event "HCL-E1534"]
[Site "www.playchess.de"]
[Date "2006.03.26"]
[Round "6"]
[White "temple"]
[Black "JEB_Stuart"]
[WhiteElo "1727"]
[BlackElo "1686"]
[PlyCount "64"]
[Result "0-1"]

1.d4 {Hello from Calgary,Alberta.}  e6 {Happy New 
Year!}  2.c4 {Same to You.}  d5 3.e3 Nf6 4.Nf3 
{Happy New Year!}  Nbd7 5.Nc3 Bb4 6.a3 Bxc3+ 
7.bxc3 O-O 8.Bd3 Re8 9.O-O e5 10.dxe5 Nxe5 11.Nxe5 
Rxe5 12.Qc2 dxc4 13.Bxc4 c6 14.Bb2 Bf5 15.Qb3 Qc7 
16.Rad1 Rae8 17.Be2 Bg4 18.Qc2 Rg5 19.Bxg4 Nxg4 
20.g3 Rh5 21.h4 b5 22.Qd3 Ne5 23.Qe2 Rh6 24.Rd4 a6 
25.Rfd1 c5 26.R4d5 c4 27.R1d4 Rf6 28.Rf4 Qc6 
29.Qd1 Rxf4 30.Rxe5 Rxe5 31.exf4 Qd5 32.Qxd5 
Rxd5 0-1

[Event "HCL-E1582"]
[Site "www.playchess.de"]
[Date "2006.03.26"]
[Round "8"]
[White "saemi"]
[Black "Tarrega"]
[WhiteElo "1596"]
[BlackElo "1701"]
[PlyCount "24"]
[Result "0-1"]

1.e4 {Hi, once again}  e6 {and again. How's 
everything?  Good, I hope}  2.d4 d5 3.Nc3 Bb4 4.e5 
b6 5.a3 Be7 6.b4 c5 7.bxc5 bxc5 8.dxc5 Bxc5 9.Qg4 
Ne7 10.Qxg7 Rg8 11.Qxh7 Qa5 12.Bd2 
Bb4 0-1

[Event "ACL-T172"]
[Site "www.playchess.de"]
[Date "2006.03.26"]
[Round "6"]
[White "ddddale"]
[Black "hal1958"]
[WhiteElo "1630"]
[BlackElo "1388"]
[PlyCount "45"]
[Result "1-0"]

1.d4 Nf6 2.Bg5 Ne4 {have a nice game}  3.Bf4 {And 
good chess to you.}  d5 4.f3 Nf6 5.e4 dxe4 6.Nc3 
exf3 7.Nxf3 e6 8.Bc4 Bd7 9.O-O Be7 10.Qe2 O-O 
11.Rad1 a6 12.Ne5 b5 13.Qf3 c6 14.Bd3 h6 15.Ne4 
Qe8 16.Nxf6+ Bxf6 17.Qe4 g6 18.Bxh6 Bxe5 19.Qxe5 
f6 20.Rxf6 Rxf6 21.Qxf6 Qf7 22.Qg5 a5 
23.Bxg6 1-0

[Event "HCL-A2591"]
[Site "www.playchess.de"]
[Date "2006.03.26"]
[Round "6"]
[White "FighterFights"]
[Black "dynamike"]
[WhiteElo "1908"]
[BlackElo "1431"]
[PlyCount "62"]
[Result "0-1"]

1.g4 d5 2.e3 e5 3.d4 e4 4.c4 c6 5.Nc3 Be6 6.h4 Qc8 
7.Be2 Ne7 8.Bd2 g6 9.cxd5 cxd5 10.Rc1 Nbc6 11.Nb5 
Qd7 12.g5 Bg7 13.a4 a6 14.Na3 Nf5 15.Bg4 Nfxd4 
16.Bxe6 Nxe6 17.Rc2 d4 18.b4 Ne5 19.Nc4 Nd3+ 
20.Kf1 Rd8 21.a5 Qb5 22.Na3 Qa4 23.Nc4 O-O 24.Qb1 
f5 25.Nh3 f4 26.exf4 Nexf4 27.Nxf4 Nxf4 28.Rh2 Qb5 
29.Kg1 Qf5 30.Qb3 Qg4+ 31.Kh1 Qd1+ 0-1

[Event "HCL-E1608"]
[Site "www.playchess.de"]
[Date "2006.03.26"]
[Round "8"]
[White "redstar"]
[Black "Chas"]
[WhiteElo "1641"]
[BlackElo "1488"]
[PlyCount "63"]
[Result "1-0"]

1.e4 d5 2.exd5 Nf6 3.Nf3 Nxd5 4.d4 Bg4 5.h3 Bh5 
6.Be2 Nc6 7.O-O e6 8.Bg5 Be7 9.Bxe7 Ndxe7 10.c3 
O-O 11.Nbd2 h6 12.Nc4 Nd5 13.Nce5 Nxe5 14.Nxe5 
Bxe2 15.Qxe2 c6 16.f4 b6 17.Nxc6 Qc7 18.Ne5 Rac8 
19.f5 Nf6 20.fxe6 fxe6 21.Ng6 Rf7 22.Qxe6 Re8 
23.Qf5 Ne4 24.Qxf7+ Qxf7 25.Rxf7 Kxf7 26.Ne5+ Ke6 
27.Re1 Kd5 28.Nf3 Rf8 29.c4+ Kxc4 30.Rxe4 Rf7 
31.Rg4 a5 32.Ne5+ 1-0

[Event "HCL-A2612"]
[Site "www.playchess.de"]
[Date "2006.03.26"]
[Round "5"]
[White "victorabiodun03"]
[Black "gridguy"]
[WhiteElo "1534"]
[BlackElo "1596"]
[PlyCount "39"]
[Result "1-0"]

1.f4 d5 2.Nf3 Bg4 3.e3 Nc6 4.d4 Nf6 5.Nbd2 Ne4 
6.c3 f6 7.Bd3 Nxd2 8.Bxd2 e5 9.fxe5 Bxf3 10.Qxf3 
Ne7 11.exf6 gxf6 12.Qxf6 Rg8 13.O-O Kd7 14.Bf5+ 
Nxf5 15.Qxf5+ Kc6 16.e4 b6 17.Qe6+ Bd6 18.Qxd5+ 
Kd7 19.Rf7+ Qe7 {I hope this was fun for one of 
us! Good game, Victor. You certainly are living up 
to your name. :-)}  20.Rxe7+ {Thanks} 
 1-0

[Event "HCL-T266"]
[Site "www.playchess.de"]
[Date "2006.03.26"]
[Round "28"]
[White "Wilmy"]
[Black "wbaldan"]
[WhiteElo "1248"]
[BlackElo "1700"]
[PlyCount "66"]
[Result "0-1"]

1.e4 e6 2.d4 d5 3.Nc3 Bb4 4.e5 c5 5.dxc5 Bxc3+ 
6.bxc3 Ne7 7.Bg5 Nbc6 8.Qg4 Nxe5 9.Qd4 f6 10.Bf4 
N7g6 11.Bg3 Bd7 12.h4 Nc6 13.Qe3 Qe7 14.Nf3 e5 
15.O-O-O Be6 16.Bb5 Qc7 17.Kb2 Qa5 18.a4 a6 
19.Bxc6+ bxc6 20.Rda1 O-O 21.Nd2 Ne7 22.Nb3 Rab8 
23.Ka3 Qd8 24.Rad1 Bf7 25.Rdb1 Nf5 26.Qf3 g6 
27.Qg4 h5 28.Qe2 Qe7 29.Qxa6 Rfc8 30.Qa5 Be8 
31.Nd2 Rba8 32.Qb4 Qc7 33.Nf3 Rcb8 0-1

[Event "HCL-E1579"]
[Site "www.playchess.de"]
[Date "2006.03.26"]
[Round "9"]
[White "Harijs"]
[Black "Dr_Matt"]
[WhiteElo "1846"]
[BlackElo "2002"]
[PlyCount "69"]
[Result "1-0"]

1.d4 {Hello from Latvia! Good luck!}  f5 {Hello 
from Germany! Good luck, too!}  2.c4 Nf6 3.Nc3 d6 
4.Nf3 g6 5.e3 Bg7 6.Bd3 O-O 7.O-O Nc6 8.Be2 e5 
9.dxe5 Nxe5 10.Ng5 h6 11.Nf3 Be6 12.Nxe5 dxe5 
13.Qc2 c6 14.b3 Qe7 15.Bb2 Rfe8 16.Rad1 Nd7 17.Rd2 
Nb6 18.Rfd1 Rad8 19.Nb1 Qc7 20.Ba3 Nc8 21.Bb4 Bf6 
22.a3 Rxd2 23.Rxd2 Rd8 24.Rxd8+ Qxd8 25.Nd2 e4 
26.Bc3 Kf7 27.f3 exf3 28.Bxf3 Qe7 29.Bxf6 Qxf6 
30.Qd3 Nb6 31.Qd6 Qe7 32.Qb8 Nc8 33.Be2 Kf6 34.Qf4 
Qd6 35.Ne4+ 1-0

[Event "HCL-M883"]
[Site "www.playchess.de"]
[Date "2006.03.26"]
[Round "10"]
[White "temple"]
[Black "Emerson"]
[WhiteElo "1731"]
[BlackElo "1802"]
[PlyCount "81"]
[Result "1-0"]

1.d4 {Hello again!}  Nf6 {also welcome - let´s 
"compose" a good match!}  2.c4 e6 3.Nf3 Bb4+ 4.Bd2 
Qe7 5.a3 Bxd2+ 6.Nbxd2 d5 7.e3 O-O 8.Bd3 c6 9.O-O 
Nbd7 10.e4 dxe4 11.Nxe4 Nxe4 12.Bxe4 Nf6 13.Bc2 
Rd8 14.Qe2 Qc7 15.b4 b6 16.Rfd1 Ba6 17.Bd3 Rac8 
18.Rac1 Bb7 19.c5 b5 20.h3 Rde8 21.Ne5 Rcd8 22.Bb1 
g6 23.Rc3 Bc8 24.Rf3 Nd5 25.Rxf7 Re7 26.Rf3 Rf8 
27.Rxf8+ Kxf8 28.h4 Rg7 29.h5 gxh5 30.Qxh5 Rxg2+ 
31.Kf1 Rg7 {(offering draw)}  32.Rd3 {Let's play a 
bit more.}  Ne7 {that´s understandable...
I would prefer to continue with WHITE.  :-)}  
33.Rf3+ Nf5 34.Qh6 Qe7 35.Bxf5 exf5 36.Rg3 Bb7 
37.f4 Kg8 38.Rxg7+ Qxg7 39.Qe6+ Kh8 40.Nf7+ Kg8 
41.Nd6+ 1-0

[Event "HCL-A2577"]
[Site "www.playchess.de"]
[Date "2006.03.26"]
[Round "6"]
[White "Andy1"]
[Black "Silverov"]
[WhiteElo "1488"]
[BlackElo "1800"]
[PlyCount "31"]
[Result "1-0"]

1.e4 c5 2.Nf3 d6 3.d4 cxd4 4.Nxd4 Nf6 5.Nc3 a6 
6.Bd3 e5 7.Nf3 Be7 8.O-O O-O 9.h3 Nc6 10.a3 h6 
11.Qe2 Be6 12.Bd2 Qc7 13.Rac1 d5 14.exd5 Nxd5 
15.Nxd5 Bxd5 16.c4 1-0

[Event "HCL-M881"]
[Site "www.playchess.de"]
[Date "2006.03.26"]
[Round "6"]
[White "fjpv"]
[Black "docjan"]
[WhiteElo "2246"]
[BlackElo "2212"]
[PlyCount "105"]
[Result "1-0"]

1.e4 {Greetings from Portugal. Good luck}  e5 
{Sweden calling ready for battle !}  2.Nf3 {Let 
the games begin ...}  Nc6 3.c3 Nf6 4.d4 Nxe4 5.d5 
Nb8 6.Nxe5 Bc5 7.Qg4 O-O 8.Qxe4 d6 9.Bd3 f5 10.Qc4 
Re8 11.O-O Rxe5 12.b4 Bb6 13.Nd2 Qf8 14.a4 a5 
15.Qb3 Qf7 16.Nc4 Qxd5 17.Bf4 Re8 18.Bc2 Qf7 
19.Nxb6 Be6 20.Qb2 cxb6 21.Bxd6 Nc6 22.Rfe1 Bd5 
23.b5 Ne7 24.f3 Ng6 25.c4 Bxc4 26.Qd4 Bd5 27.Qxb6 
Rxe1+ 28.Rxe1 Rc8 29.Ba3 h5 30.Bb1 h4 31.h3 Kh7 
32.Qxa5 Ba2 33.Qd2 Bxb1 34.Rxb1 Re8 35.Qg5 Re5 
36.Bb2 Rd5 37.f4 Qe6 38.Rc1 Rd3 39.Be5 Rg3 40.Qh5+ 
Kg8 41.Qe2 Kh7 42.Re1 b6 43.Kh2 Kg8 44.Bc7 Qxe2 
45.Rxe2 Ra3 46.Re8+ Kh7 47.Ra8 Ra2 48.a5 bxa5 
49.b6 Rb2 50.Ra7 Nf8 51.Bd6 Nd7 52.Rxd7 Rxb6 
53.Be5 1-0

[Event "HCL-B3961"]
[Site "www.playchess.de"]
[Date "2006.03.26"]
[Round "9"]
[White "larese"]
[Black "Edmeier"]
[WhiteElo "763"]
[BlackElo "1200"]
[PlyCount "48"]
[Result "1/2-1/2"]

1.d4 Nf6 2.Nc3 g6 3.Bg5 Bg7 4.Bxf6 Bxf6 5.e4 O-O 
6.e5 Bg7 7.Nf3 d6 8.Bd3 Nc6 9.O-O dxe5 10.dxe5 
Nxe5 11.Qe2 Nxd3 12.cxd3 Bf5 13.Rad1 Qd7 14.Rfe1 
Rfe8 15.d4 Rad8 16.Ne5 Qc8 17.Ne4 Bxe5 18.dxe5 
Rxd1 19.Rxd1 Rd8 20.Re1 Bxe4 21.Qxe4 Rd2 22.Qb4 
Qd7 23.h3 b6 24.Qb3 Qd5 {(offering draw)} 
 1/2-1/2

[Event "ACL-A665"]
[Site "www.playchess.de"]
[Date "2006.03.26"]
[Round "4"]
[White "Brongun"]
[Black "vilag"]
[WhiteElo "1500"]
[BlackElo "1500"]
[PlyCount "65"]
[Result "1-0"]

1.d4 {Hi from Denmark!}  Nf6 2.c4 g6 3.Nc3 d5 
4.cxd5 Nxd5 5.e4 Nxc3 6.bxc3 c5 7.Bc4 Bg7 8.Ne2 
O-O 9.Be3 cxd4 10.cxd4 Nc6 11.O-O Bg4 12.f3 Na5 
13.Bxf7+ Rxf7 14.fxg4 Rxf1+ {Hi from Austria, 
sorry but I just looked to the histoty (of 
moves).}  15.Kxf1 {Ok!}  Qd7 16.h3 Qe6 17.Qd3 Qc4 
18.Qxc4+ Nxc4 19.Bg5 e5 20.d5 h6 21.Bc1 Nd6 22.Ng3 
Rc8 23.Ba3 Nb5 24.Rc1 Rc3 25.Rxc3 Nxc3 26.Ke1 Nxa2 
27.Kd2 Bf8 28.d6 Kf7 29.h4 a5 30.Nf5 gxf5 31.d7 
Be7 32.Bxe7 Kxe7 33.g5 1-0

[Event "HCL-B3822"]
[Site "www.playchess.de"]
[Date "2006.03.26"]
[Round "2"]
[White "joleti"]
[Black "dynamike"]
[WhiteElo "1764"]
[BlackElo "1610"]
[PlyCount "104"]
[Result "0-1"]

1.e4 c5 2.Nf3 e6 3.d4 cxd4 4.Nxd4 a6 5.c4 Qc7 
6.Nc3 Nf6 7.Be2 Be7 8.Be3 O-O 9.Rc1 Nc6 10.f4 d6 
11.O-O Rd8 12.g4 e5 13.Nb3 b6 14.g5 Ne8 15.Nd5 Qb7 
16.Bxb6 Rd7 17.Be3 Bd8 18.Bg4 Ne7 19.Bxd7 Bxd7 
20.f5 Nxd5 21.cxd5 Qb4 22.Qf3 a5 23.g6 Nf6 
24.gxf7+ Kxf7 25.Bg5 a4 26.Bxf6 Bxf6 27.Qh5+ Ke7 
28.Na1 Qxe4 29.Nc2 Rc8 30.Rfe1 Qxd5 31.Ne3 Qd4 
32.Rxc8 Bxc8 33.Qe2 Bxf5 34.Qd1 Qa7 35.Kg2 Qb7+ 
36.Kg1 Bh3 37.Qd2 Bh4 38.Nf5+ Bxf5 39.Rf1 Qb6+ 
40.Kg2 Qc6+ 41.Kg1 Bh3 42.Rc1 Qb6+ 43.Kh1 Bf2 
44.Qg5+ Ke6 45.Qxg7 Be3 46.Rc7 Kd5 47.Qf7+ Ke4 
48.Rc4+ Bd4 49.b4 axb3 50.axb3 Qa5 51.Qxh7+ Bf5 
52.Qh4+ Kd5 0-1

[Event "HCL-B3763"]
[Site "www.playchess.de"]
[Date "2006.03.26"]
[Round "13"]
[White "kylejmiles"]
[Black "Regicide"]
[WhiteElo "1448"]
[BlackElo "990"]
[PlyCount "55"]
[Result "1-0"]

1.e4 e5 {Hi}  2.Nf3 d6 3.d4 Qf6 4.c3 Be6 5.Bd3 Nd7 
6.O-O Qg6 7.Kh1 Ndf6 8.Nbd2 Nh6 9.Ng1 Nfg4 10.h3 
d5 11.Qf3 Bd6 12.exd5 Nh2 13.Kxh2 e4+ 14.g3 exd3 
15.dxe6 fxe6 16.Qxb7 Ke7 17.Ndf3 Nf5 18.Bg5+ Kd7 
19.c4 Rhb8 20.Qa6 h6 21.Bc1 Rb6 22.Qa4+ Ke7 23.b3 
Nxg3 24.fxg3 a5 25.Ne5 Bxe5 26.dxe5 Qh5 27.Ba3+ 
Kd8 28.Rf8+ 1-0

[Event "HCL-B3862"]
[Site "www.playchess.de"]
[Date "2006.03.26"]
[Round "18"]
[White "garden"]
[Black "matthew"]
[WhiteElo "1164"]
[BlackElo "1314"]
[PlyCount "88"]
[Result "0-1"]

1.e4 c5 {hi}  2.Bc4 {hi from Sao Paulo, Brazil!}  
e6 {hi from leicestershire, england}  3.Nc3 Nc6 
4.d3 Nf6 5.Nh3 d5 6.Bb5 d4 7.Bxc6+ bxc6 8.Qf3 Ba6 
9.e5 Nd5 10.Ne4 Be7 11.c4 Nb4 12.Qe2 Qa5 13.Kd1 
Nxa2 14.Bd2 Nc3+ 15.Kc2 Qxa1 16.Rxa1 Nxe2 17.Rxa6 
Kd7 18.Kd1 f5 19.Kxe2 fxe4 20.dxe4 Rhb8 21.Ra2 h6 
22.Nf4 g5 23.Ng6 Bd8 24.Nf8+ Ke7 25.Ng6+ Kf7 
26.Ra6 Rb6 27.Ra5 Rxb2 28.Ra6 Rb6 29.Ra3 Kxg6 
30.Ra5 Rb2 31.Rxc5 Rc8 32.g3 Bb6 33.Rd5 cxd5 
34.exd5 exd5 35.cxd5 Rb5 36.h4 Rxd5 37.f4 gxf4 
38.Bxf4 d3+ 39.Kd1 a5 40.g4 a4 41.h5+ Kh7 42.g5 
hxg5 43.Bxg5 Rxe5 44.Kd2 Rxg5 0-1

[Event "HCL-A2645"]
[Site "www.playchess.de"]
[Date "2006.03.26"]
[Round "28"]
[White "pirracas"]
[Black "ama49"]
[WhiteElo "1471"]
[BlackElo "1135"]
[PlyCount "27"]
[Result "1-0"]

1.d4 Nf6 {Greetings from Scotland}  2.c4 d5 3.Bg5 
h6 4.Bxf6 gxf6 5.cxd5 Qxd5 6.Nc3 Qa5 7.e3 Nc6 
8.Nf3 Bg4 9.Be2 O-O-O 10.O-O e6 11.a3 f5 12.b4 Qb6 
13.Qb1 f6 14.Na4 1-0

[Event "ACL-E218"]
[Site "www.playchess.de"]
[Date "2006.03.26"]
[Round "8"]
[White "JEB_Stuart"]
[Black "luciano59"]
[WhiteElo "1745"]
[BlackElo "2007"]
[PlyCount "34"]
[Result "1/2-1/2"]

1.c4 {Hello and good luck!}  e5 {hi friend}  2.g3 
d6 3.Bg2 f5 4.Nc3 Nf6 5.d4 Be7 6.Nf3 Nbd7 7.O-O e4 
8.Nh4 Nb6 9.Bh3 f4 10.Bxc8 Qxc8 11.Bxf4 Qh3 12.f3 
O-O 13.Qb3 Kh8 14.Ng2 exf3 15.exf3 Rae8 16.Rae1 
Qd7 17.d5 Bd8 {(offering draw)} 
 1/2-1/2

[Event "HCL-A2629"]
[Site "www.playchess.de"]
[Date "2006.03.26"]
[Round "25"]
[White "mrchess"]
[Black "Matu"]
[WhiteElo "1436"]
[BlackElo "1535"]
[PlyCount "118"]
[Result "0-1"]

1.e4 {nice game}  c6 {hi and good luck}  2.Nf3 d5 
3.e5 Bf5 4.d4 e6 5.c3 Nd7 6.Qb3 Qb6 7.Qxb6 axb6 
8.Nbd2 h6 9.Be2 Bh7 10.a4 Ne7 11.b4 c5 12.b5 cxd4 
13.cxd4 f6 14.Bb2 fxe5 15.Nxe5 Nxe5 16.dxe5 g5 
17.Nf3 Rc8 18.Nd4 Kf7 19.Bg4 Bf5 20.Bxf5 Nxf5 
21.Nxf5 exf5 22.e6+ Kxe6 23.Bxh8 Bb4+ 24.Ke2 Rxh8 
25.Kd3 Bc5 26.f3 f4 27.Rhc1 Kd6 28.a5 bxa5 29.Rxa5 
Re8 30.Ra2 Re3+ 31.Kc2 d4 32.Kb1 Kd5 33.Rac2 b6 
34.Kb2 Ba3+ 35.Kb1 {(offering draw)}  Bxc1 36.Rxc1 
Rb3+ 37.Ka2 Rxb5 38.Rc8 Rc5 39.Rd8+ Kc4 40.Rd6 d3 
41.Kb2 Rd5 42.Rc6+ Kb5 43.Rc1 d2 44.Rd1 Kc4 45.Kc2 
b5 46.Rb1 b4 47.Rd1 b3+ 48.Kb2 Rd3 49.g3 Kd4 
50.gxf4 gxf4 51.h4 Ke3 52.h5 Ke2 53.Rb1 d1Q 54.Rc1 
Rd2+ 55.Kb1 Qxc1+ 56.Kxc1 Rc2+ 57.Kb1 Kxf3 58.Ka1 
Ke2 59.Kb1 f3 0-1

[Event "HCL-E1563"]
[Site "www.playchess.de"]
[Date "2006.03.26"]
[Round "3"]
[White "truegenius"]
[Black "SABU"]
[WhiteElo "2100"]
[BlackElo "2048"]
[PlyCount "58"]
[Result "0-1"]

1.e4 c5 2.c4 Nc6 3.d3 e6 4.Qc2 Nd4 5.Qd2 Ne7 6.Na3 
Nec6 7.Nb5 Be7 8.Nxd4 cxd4 9.Qf4 d5 10.Qg4 dxc4 
11.dxc4 O-O 12.Bh6 Bb4+ 13.Kd1 Qf6 14.Bg5 Qxf2 
15.Qe2 Qxe2+ 16.Bxe2 e5 17.Nf3 f5 18.exf5 Bxf5 
19.a3 Ba5 20.b4 Bc7 21.b5 Na5 22.Rb1 Bxb1 23.h4 d3 
24.Bf1 Bc2+ 25.Kd2 Nb3+ 26.Kc3 e4 27.Ne1 Be5+ 
28.Kb4 a5+ 29.Ka4 Nc5+ 0-1

[Event "HCL-A2662"]
[Site "www.playchess.de"]
[Date "2006.03.26"]
[Round "5"]
[White "kdchessnut"]
[Black "ventura72"]
[WhiteElo "1800"]
[BlackElo "1600"]
[PlyCount "49"]
[Result "1-0"]

1.Nf3 g6 2.g3 Bg7 3.Bg2 {hi and good luck}  d6 
4.d4 e5 5.dxe5 dxe5 6.Qxd8+ Kxd8 7.Nc3 f6 8.O-O c6 
9.Be3 Be6 10.Rfd1+ Nd7 11.Ne4 Kc7 12.Rd2 Bh6 
13.Bxh6 Nxh6 14.b3 Nf7 15.c4 Bf5 16.Nh4 Bxe4 
17.Bxe4 Nc5 18.Bc2 Rad8 19.Rad1 Rxd2 20.Rxd2 Rd8 
21.Rxd8 Nxd8 22.Ng2 Nde6 23.e3 Ng5 24.Kf1 Nge4 
25.b4 1-0

[Event "HCL-M898"]
[Site "www.playchess.de"]
[Date "2006.03.26"]
[Round "8"]
[White "Hawk2008"]
[Black "Emerson"]
[WhiteElo "1928"]
[BlackElo "1788"]
[PlyCount "44"]
[Result "1/2-1/2"]

1.e4 {Hello and good luck!}  e5 {also welcome - 
and interesting games!}  2.Nf3 Qe7 3.Bc4 d6 4.Nc3 
c6 5.O-O h6 6.d4 Nf6 7.Re1 Bg4 8.dxe5 dxe5 9.h3 
Bh5 10.a4 Nbd7 11.b3 O-O-O 12.Qe2 Nb6 13.Bd3 Qc7 
14.Bb2 Bd6 15.a5 Nbd7 16.Reb1 g5 17.Ba3 Bxa3 
18.Rxa3 Nc5 19.b4 Nxd3 20.cxd3 g4 21.hxg4 Bxg4 
22.b5 Qd6 {(offering draw)}  1/2-1/2

[Event "HCL-A2588"]
[Site "www.playchess.de"]
[Date "2006.03.26"]
[Round "16"]
[White "hreed"]
[Black "Djusta"]
[WhiteElo "1451"]
[BlackElo "1268"]
[PlyCount "44"]
[Result "0-1"]

1.e4 {greetings from Boston, good chess!}  e5 
2.Nf3 d6 {good luck,from Taunton}  3.d4 Nc6 4.Bb5 
Bd7 5.Nc3 Nf6 6.O-O Be7 7.Re1 O-O 8.Bxc6 Bxc6 
9.dxe5 dxe5 10.Qxd8 Rfxd8 11.Nxe5 Bb4 12.Nxc6 bxc6 
13.Bf4 Rdb8 14.Bd2 Rbd8 15.Rad1 Rd4 16.Be3 Rxd1 
17.Rxd1 Bxc3 18.bxc3 Nxe4 19.Rd7 Nxc3 20.Rxc7 Nxa2 
21.Bxa7 Nc3 22.Rxc6 Nb5 0-1

[Event "HCL-E1600"]
[Site "www.playchess.de"]
[Date "2006.03.26"]
[Round "1"]
[White "yannick"]
[Black "carrillero"]
[WhiteElo "1632"]
[BlackElo "1621"]
[PlyCount "46"]
[Result "1/2-1/2"]

1.b4 {hi enjoy this game,good luck yannick}  e5 
{Merci. Same for u}  2.Bb2 d6 3.d4 exd4 4.Bxd4 Nc6 
5.c3 Nxd4 6.cxd4 Nf6 7.e3 g6 8.Nc3 Qe7 9.Bb5+ c6 
10.Bd3 Bg7 11.Nf3 O-O 12.O-O Bg4 13.h3 Bxf3 
14.Qxf3 d5 15.b5 Qb4 16.Rfc1 Rac8 17.Rab1 Qa3 
18.Qd1 Qd6 19.Qa4 Qb8 20.bxc6 Rxc6 21.Qxc6 bxc6 
22.Rxb8 Rxb8 23.Rb1 Nd7 {(offering draw)} 
 1/2-1/2

[Event "HCL-M894"]
[Site "www.playchess.de"]
[Date "2006.03.26"]
[Round "10"]
[White "Emerson"]
[Black "Pillsbury"]
[WhiteElo "1802"]
[BlackElo "2431"]
[PlyCount "52"]
[Result "0-1"]

1.e4 {welcome to the match of little emerson vs. 
big Pillsbury!}  c5 {Pillsbury studied Ralph Waldo 
Emerson and he admired him , so it is interesting 
to watch both american giants to play chess 
against each other !}  2.Qe2 {Das ist ja sehr 
interessant! Ich selbst habe auch vor Jahren 
intensiver Emerson gelesen und für einen Freund 
(Harald Kiczka), der Emerson ins Deutsche 
übersetzte (erschienen im Diogenes-Verlag), 
Rezensionen geschrieben!
so long}  Nc6 3.c3 g6 4.d3 Bg7 5.Be3 d6 6.Nf3 Nf6 
7.h3 O-O 8.g4 c4 9.Qc2 d5 10.dxc4 dxe4 11.Nd4 Ne5 
12.g5 Nfd7 13.Qxe4 Nc5 14.Qc2 b5 15.Bg2 Nxc4 16.b3 
e5 17.bxc4 exd4 18.cxd4 Bf5 19.Qd2 Nd3+ 20.Ke2 Re8 
21.Nc3 Bxd4 22.Bc6 Bxe3 23.fxe3 Nf4+ 24.Ke1 Qxg5 
25.Bxa8 Qg3+ 26.Kd1 {the kingdom is trumbling...}  
Rxe3 0-1

[Event "HCL-E1611"]
[Site "www.playchess.de"]
[Date "2006.03.26"]
[Round "4"]
[White "Widukind"]
[Black "wbaldan"]
[WhiteElo "1912"]
[BlackElo "1640"]
[PlyCount "63"]
[Result "1-0"]

1.c3 {Hallo Walter, wellcome to the turnament! 
Greatings from Germany and good luck.}  c5 
{Greetings and good luck!}  2.d4 d5 3.dxc5 Nf6 
4.b4 e6 5.Bb2 Bd7 6.e3 Be7 7.Nf3 a5 8.a3 b6 9.cxb6 
Qxb6 10.Bd3 O-O 11.O-O Bb5 12.Bxb5 Qxb5 13.a4 Qb7 
14.b5 Nbd7 15.Nbd2 Rfc8 16.Qe2 Rc7 17.c4 Nb6 
18.cxd5 Nfxd5 19.Nd4 Nb4 20.Qf3 N6d5 21.e4 Nf6 
22.Rfc1 Rac8 23.Rxc7 Rxc7 24.N4b3 Qa8 25.Bxf6 Bxf6 
26.e5 Qxf3 27.Nxf3 Nc2 28.Rc1 Bd8 29.Nxa5 Nd4 
30.Rxc7 Nxf3+ 31.gxf3 Bxc7 32.Nc4 1-0

[Event "HCL-E1569"]
[Site "www.playchess.de"]
[Date "2006.03.26"]
[Round "6"]
[White "Tarrega"]
[Black "BohdanL"]
[WhiteElo "1594"]
[BlackElo "1532"]
[PlyCount "129"]
[Result "1/2-1/2"]

1.e4 {Hi}  g6 {hi, good game}  2.d4 Bg7 3.Nc3 d6 
4.Be3 a6 5.Qd2 Nd7 6.h4 Ngf6 7.f3 c6 8.g4 h6 
9.O-O-O b5 {interesting position :-)}  10.Bd3 {one 
of those where you go WHAT DO I DO NOW!!}  Nb6 {? 
you attack i defend, it obvious, and we still have 
all pieces on the board :-). Actually you use my 
favorite against Pirc :-)}  11.Nge2 Bb7 12.Rdg1 
Qc7 13.g5 hxg5 14.hxg5 Nfd7 15.Rxh8+ Bxh8 16.Rh1 
O-O-O 17.Rh7 b4 18.Nb1 c5 19.dxc5 dxc5 20.c4 bxc3 
21.Nbxc3 Ne5 22.Nd5 Nxd3+ 23.Qxd3 Nxd5 24.exd5 
Rxd5 25.Qb3 Bd4 26.Bxd4 cxd4+ 27.Kd2 Rb5 28.Rh8+ 
Kd7 29.Qa4 Qc6 30.Ke1 d3 31.Qg4+ Rf5 32.Qd4+ Qd5 
33.Qxd5+ Bxd5 34.Nc3 Bxf3 35.Rh4 e5 36.Kd2 Rxg5 
37.Kxd3 Rg2 38.Rb4 a5 39.Rb3 Rg3 40.Ra3 Bc6+ 
41.Kc4 a4 42.b3 Rg4+ 43.Kc5 axb3 44.axb3 e4 45.b4 
Rg5+ {i think you missed 45.Ra7x}  46.Kb6 {I've 
been known to do that}  Rg3 47.b5 Bd5 48.Ra7+ Ke6 
49.Nxd5 Kxd5 50.Rxf7 e3 51.Re7 Rf3 52.Kc7 e2 
53.Rxe2 Rc3+ 54.Kb7 Kc5 {(offering draw)}  55.Rb2 
g5 56.b6 g4 57.Kb8 Kd4 58.b7 Ke3 59.Ka7 Rc7 60.Kb6 
Rxb7+ 61.Kxb7 g3 62.Rb3+ Kf2 63.Rb2+ Kf1 64.Rb1+ 
Kf2 65.Rb2+ {(offering draw)}  1/2-1/2

[Event "HCL-C4190"]
[Site "www.playchess.de"]
[Date "2006.03.26"]
[Round "12"]
[White "mudelta"]
[Black "Veltliner"]
[WhiteElo "1189"]
[BlackElo "1383"]
[PlyCount "74"]
[Result "0-1"]

1.e4 e6 2.d4 Nf6 3.Nc3 Bb4 4.Bd3 d6 5.Nf3 O-O 
6.Bd2 c6 7.Qe2 b5 8.a3 Ba5 9.O-O-O b4 10.e5 bxc3 
11.exf6 cxd2+ 12.Nxd2 Bxd2+ 13.Rxd2 Qxf6 14.h4 Nd7 
15.g4 Bb7 16.g5 Qd8 17.h5 Qxg5 18.Qe4 Nf6 19.Qf3 
Rab8 20.Qh3 Qd5 21.b3 Bc8 22.Rg1 h6 23.c4 Qa5 
24.a4 Qc3+ 25.Rc2 Qa1+ 26.Kd2 Qxg1 27.Kc3 Qa1+ 
28.Kd2 Qa3 29.d5 exd5 30.Qf3 Rxb3 31.cxd5 c5 
32.Ke2 Bg4 33.Qxg4 Nxg4 34.Bc4 Rb1 35.Ra2 Re8+ 
36.Kd2 Qc1+ 37.Kd3 Ne5+ 0-1